00795nam a2200193 a 4500001000900000005001700009008004500026050002100071100002700092245008300119260004000202300004200242500009900284504002800383650006300411650005000474650006000524653001700584BRCA_52120190320203039.0890419s1989 nyua---##b---#000-0#eng-#dDLC 4aGT615b.C65 19891 aColeman, Elizabeth Ann10aThe opulent erabFashions of Worth, Doucet, and PingatcElizabeth Ann Coleman. aNueva YorkbThames and Hudsonc1989 a208 p.bil. (algunas a color)c29 cm. aCatálogo de la exposición realizada en The Brooklyn Museum, 1 diciembre - 26 febrero, 1990 aBibliografía : p. 20714aPrendas de vestirvExposicionesySiglo XIXzEstados Unidos14aModavExposicionesySiglo XIXzEstados Unidos14aDiseñadores de modavExposicionesySiglo XIXzFrancia0 aIndumentaria